Statistics for Sports Terms Quiz #2

Click here to take the quiz!

General Stats

  • This quiz has been taken 46,083 times
    (46,050 since last reset)
  • The average score is 16 of 25

Answer Stats

TermSport% Correct
Double DribbleBasketball
97%
Cue BallPool
96%
Strong SafetyFootball
92%
Knuckle BallBaseball
89%
DeuceTennis
87%
Bicycle KickSoccer
86%
Sand WedgeGolf
85%
SlapshotHockey
85%
Half NelsonWrestling
85%
Checkered FlagAuto Racing
81%
SpareBowling
80%
JockeyHorse Racing
77%
OllieSkateboarding
65%
Rope-a-DopeBoxing
64%
Pommel HorseGymnastics
63%
Golden SnitchQuidditch
63%
TouchéFencing
60%
RuckRugby
60%
Tap OutMixed Martial Arts
50%
GooglyCricket
47%
Side OutVolleyball
46%
ScullerRowing
30%
Egg-beaterWater Polo
19%
5.11aRock Climbing
9%
AnhyzerDisc Golf
6%

Score Distribution

Percentile by Number Answered

Percent of People with Each Score

Your Score History

You have not taken this quiz since the last reset